000 00644nam a22002177a 4500
003 UA-OsUOA
001 136434
007 ta
008 20190325b un ||||| |||| 00| 0 ukr d
100 _aЛегкий М.
090 _a82
_bЛ38
942 _cSA
040 _aUA-OsUOA
_bukr
_cUA-OsUOA
_dUA-OsUOA
245 _aПроза Івана Франка як психобуттєвий та соціокультурний феномен. Загальні зауваги
300 _aС.12-26
955 _a0
041 _aukr
080 _a82
773 0 _w136433
650 7 _a82 Література. Літературознавство
_2UDC
999 _c416333
_d416333